| 000 | 01034cam a22002893a 4500 | ||
|---|---|---|---|
| 001 | 27852 | ||
| 003 | PGUSA | ||
| 005 | 20140828083613.0 | ||
| 008 | 090120s2009||||xxu|||||s|||||000 | eng d | ||
| 040 |
_aPGUSA _beng |
||
| 042 | _adc | ||
| 050 | 4 | _aBV | |
| 100 | 1 |
_aSylvain, Adrien, _d1826-1914 |
|
| 245 | 1 | 0 |
_aGold Dust : _bA Collection of Golden Counsels for the Sanctification of Daily Life _h[electronic resource] / _cAdrien Sylvain |
| 260 |
_bProject Gutenberg, _c2009 |
||
| 500 | _a"This little book is a translation from a collection of devotional thoughts published in France under the title of 'Paillettes d'or.' It is necessarily a selection...." | ||
| 506 | _aPublic domain in the USA. | ||
| 516 | _aElectronic text | ||
| 653 | _aDevotional literature | ||
| 653 | _aDevotional exercises | ||
| 653 | _aMeditations | ||
| 700 | 1 |
_aYonge, Charlotte M. _q(Charlotte Mary), _d1823-1901 |
|
| 700 | 1 | _aE. L. E. B. | |
| 830 | 0 |
_aProject Gutenberg _v27852 |
|
| 856 | 4 | 0 | _uhttp://www.gutenberg.org/ebooks/27852 |
| 942 | _cEB | ||
| 999 |
_c257107 _d257107 |
||